1933 foi um ano ruim / (Record no. 232)

MARC details
000 -LÍDER
campo de controle de tamanho fixo 01548nam a2200313 4500
001 - NÚMERO DE CONTROLE
campo de controle 232
003 - IDENTIFICADOR DO NÚMERO DE CONTROLE
campo de controle OSt
005 - DATA E HORÁRIO DA ÚLTIMA TRANSAÇÃO
campo de controle 20250528074015.0
008 - CAMPO DE DADOS FIXOS--INFORMAÇÃO GERAL
campo de controle de tamanho fixo 250204b |||||||e |||| 00| 0 eng d
020 ## - ISBN - INTERNATIONAL STANDARD BOOK NUMBER
ISBN - International Standard Book Number 8525413259
040 ## - FONTE DA CATALOGAÇÃO
Idioma da catalogação por
041 ## - CÓDIGO DE IDIOMA
Código do idioma do original e/ou traduções intermediárias do texto eng
Código do idioma do texto/trilha sonora ou título diferente por
082 ## - CDD - CLASSIFICAÇÃO DECIMAL DE DEWEY
Número de Classificação 813
Número do exemplar F216m
100 1# - ENTRADA PRINCIPAL--NOME PESSOAL
Nome pessoal Fante, John,
Datas associadas ao nome 1909-1983.
9 (RLIN) 433
240 ## - TÍTULO UNIFORME
Título uniforme 1933 was a bad year
245 ## - TÍTULO
Título 1933 foi um ano ruim /
Indicação de responsabilidade, etc. Fante, John ; Tradução de Lúcia Brito
260 ## - PUBLICAÇÃO, DISTRIBUIÇÃO, ETC.
Local de publicação, distribuição, etc. Porto Alegre
Nome do editor, distribuidor, etc. L&PM
Data da publicação, distribuição, etc. 2003
300 ## - DESCRIÇÃO FÍSICA
Extensão 138 p.
520 ## - NOTA DE RESUMO, ETC.
Resumo, etc. No fundo do estado norte-americano do Colorado, Dominic Molise, 17 anos, filho de um pedreiro e uma dona-de-casa temente a Deus, ambos imigrantes italianos, sonha em fugir do frio, ir para a Califórnia e tornar-se um grande arremessador de baseball, graças ao seu vigoroso braço esquerdo - dádiva concedida à miséria da sua vida. Enquanto isso não acontece, ele atura a avó ranzinza, os irmãos e o pai, que trai a sua mãe, pede segredo ao filho e ainda por cima desdenha dos seus sonhos esportivos, querendo transformá-lo em pedreiro como ele. Dominic freqüenta a casa de Kenny, filho de um dos homens mais ricos da cidade, e apaixona-se por Dorothy, a refinada irmã do amigo. 1933 é um ano ruim porque Dominic depara-se com as impossibilidad
650 #0 - ASSUNTO--TERMO TÓPICO
Cabeçalho tópico ou nome geográfico Literatura Americana
9 (RLIN) 84
650 #0 - ASSUNTO--TERMO TÓPICO
Cabeçalho tópico ou nome geográfico Histórico
9 (RLIN) 53
650 #0 - ASSUNTO--TERMO TÓPICO
Cabeçalho tópico ou nome geográfico Esporte
9 (RLIN) 434
650 #0 - ASSUNTO--TERMO TÓPICO
Cabeçalho tópico ou nome geográfico Drama
9 (RLIN) 18
650 #0 - ASSUNTO--TERMO TÓPICO
Cabeçalho tópico ou nome geográfico Familia
9 (RLIN) 35
655 #0 - TERMO DE ÍNDICE--GÊNERO E FORMA
Gênero/forma/ou termo foco Romance
655 #0 - TERMO DE ÍNDICE--GÊNERO E FORMA
Gênero/forma/ou termo foco Ficção
700 ## - ENTRADA ADICIONADA - NOME PESSOAL
Nome pessoal Lúcia Brito
Função do autor por extenso Tradutor
9 (RLIN) 435
942 ## - ELEMENTOS DE ENTRADA ADICIONADOS (KOHA)
Fonte de classificação ou esquema de arquivamento Classificação decimal de Dewey
Ocultar no OPAC Não
Tipo de material Koha Livros
Holdings
Situação do descarte Situação das perdas Fonte de classificação ou esquema de arquivamento Status danificado Não pode ser emprestado Coleção Biblioteca de origem Biblioteca atual Localização na estante Data de aquisição Fonte de aquisição Total de empréstimos Número de chamada completo Código de barras Data de último acesso Data do preço efetivo Tipo de material Koha
    Classificação decimal de Dewey     Ficção Biblioteca Professor Eduardo Afonso de Castro Biblioteca Professor Eduardo Afonso de Castro Literatura Estrangeira 12.09.2008 doação   813 / F216m 2025-13545 04.02.2025 04.02.2025 Livros

Powered by Koha